Don't Let Me Go - Tom Odell (all lyrics) - Statistics

General Stats
  • This quiz has been taken 27 times
    26 since last reset
  • The average score is 173 of 234
Answer Stats
Answer % Correct
A
100%
Do
100%
Don't
100%
"Don't
100%
Go
100%
Go"
100%
I
100%
Me
100%
You
100%
It
92%
Let
92%
The
92%
To
92%
When
92%
Your
92%
At
85%
Hear
85%
In
85%
Is
85%
Just
85%
On
85%
So
85%
Won't
85%
And
77%
Are
77%
City
77%
Fell
77%
It's
77%
Kiss
77%
Look
77%
Love
77%
Makes
77%
Our
77%
Us
77%
We
77%
Wind
77%
With
77%
You're
77%
About
69%
Apart
69%
Building
69%
Filling
69%
Had
69%
Head
69%
Hearts
69%
Hope
69%
I'm
69%
Lay
69%
Maybe
69%
My
69%
Out
69%
Pretty
69%
Put
69%
Sick
69%
Something
69%
That
69%
Think
69%
Touch
69%
Up
69%
Very
69%
We're
69%
Where
69%
Bed
62%
Can
62%
Choke
62%
Click
62%
Clicked
62%
Crying
62%
Fall
62%
Gives
62%
Got
62%
I've
62%
Poem
62%
Quick
62%
Read
62%
Smoke
62%
Turn
62%
Would
62%
Wrote
62%
Breathe
54%
Clothes
54%
Dark
54%
Fire
54%
Gets
54%
Glass
54%
Grow
54%
Know
54%
Lying
54%
Off
54%
Stare
54%
Tv
54%
World
54%
Arms
46%
Away
46%
Body
46%
Bones
46%
Cannot
46%
Down
46%
Ever
46%
Filming
46%
Float?"
46%
Flying
46%
Forest
46%
"If
46%
Jumped
46%
Miniature
46%
Palms
46%
Phone
46%
Pour
46%
Say
46%
Scars
46%
Scream?
46%
Through
46%
Wanna
46%
Whiskey
46%
Window
46%
Yourself
46%
All
38%
Dream
38%
Joke
38%
Killing
38%
Taking
38%
Tired
38%
Aglow
31%
Dying
31%
Hopelessly
31%
Leaves
31%
Skies
31%
Smile
31%
They're
31%
No matching quizzes found
Score Distribution
Percent of People with Each Score
Percentile by Number Answered
Your Score History
You have not taken this quiz since the last reset